El gobierno de la ciudad de México en el siglo XVI

Збережено в:
Бібліографічні деталі
Автор: Porras Muñoz, Guillermo (Автор)
Формат: Книга
Мова:Іспанська
Опубліковано: Ciudad de México Universidad Nacional Autónoma de México 1982
Серія:Historia Novohispana, 31
Предмети:
Теги: Додати тег
Немає тегів, Будьте першим, хто поставить тег для цього запису!

MARC

LEADER 00000nam a2200000 a 4500
001 UCV0582
003 CL-VaPUC
008 881130e19820000MX |||||||||||||||||spa|d
082 0 4 |a 349.72  |b POR  |2 21 
100 0 |a Porras Muñoz, Guillermo  |e author  |9 295052 
245 1 3 |a El gobierno de la ciudad de México en el siglo XVI 
300 |a 515 p 
942 |c BK 
945 |d 19881130 00:00:00 
260 |a Ciudad de México  |b Universidad Nacional Autónoma de México  |c 1982 
650 0 |a Administración de justicia  |9 382749 
650 7 |a DERECHO  |2 CL-VaPUC  |9 295054 
650 7 |a HISTORIA COLONIA 1522 - 1600  |2 CL-VaPUC  |9 255399 
651 0 |a México  |9 255269 
583 |a last modification  |c 19881130 00:00:00  |k Rodrigo Vera 
490 0 |a Historia Novohispana, 31 
999 |c 208970  |d 208968 
952 |0 0  |1 0  |4 0  |6 349_720000000000000_POR_1982  |7 0  |8 DER_HDC  |9 184030  |a BIBDER  |b BIBDER  |d 2019-11-14  |i 2510073  |o 349.72 POR 1982  |p 2510073  |r 2023-01-25  |w 2019-11-14  |x Ubicación 4to Piso  |y BK  |z Estos recursos deben solicitarse con anticipación  |k DER